=LDR 00000nam 2200000 4500 =001 INLIS000000000037116 =005 20140705111746.0 =006 =007 =008 Ind =035 ##$$a 0010-061300000037116 =041 ##$$a Ind =082 ##$$a 646.72 =090 ##$$a 646.72, Kus m =100 ##$$a Kusumawardhani, reni =245 ##$$a Meracle make-up, Reni Kusumadhani ; editor, Intarina Hardiman =260 ##$$a 2009 $b Jakarta =300 ##$$a 95 hlm, ilus, 27 cm =650 ##$$a tata rias =850 ##$$a NBPNMAT